00916nam a22002055i 4500001000700000003000900007005001700016008004100033245020100074260006400275300002000339490009600359546003500455650004000490651003600530651003600566710003800602830004600640852002400686172765ES-MaACL20250831061529.0090908s1932 sp |||| | spa d00aAcuerdo mediante canje de notas entre España e Italia firmadas en Roma el 18 y el 30 de julio de 1932, simplificando el ceremonial de las visitas de los buques de guerra españoles e italianos. aMadrid : b[s.n.], c1932 (fImp. del Ministerio de Estado) a6 p. ; c24 cm.1 aPublicaciones del Ministerio de Estado. Serie A: Acuerdos y convenios internacionales ; v6 aTexto en español y italiano. 4aMarina de guerra-zEspaña-yS.XX. 4aEspaña-xRelaciones-zItalia. 4aItalia-xRelaciones-zEspaña.1 aEspaña. bMinisterio de Estado.10aPublicaciones del Ministerio de Estadov6 aES-MaACLj2299-F-22